Statistics for World Capitals starting with S

Click here to take the quiz!

General Stats

  • This quiz has been taken 98 times
    (66 since last reset)
  • The average score is 13 of 18

Answer Stats

Capital% Correct
Stockholm
93%
San Marino
90%
Santiago
87%
San Salvador
83%
Sao Tomé
83%
Suva
83%
Santo Domingo
80%
Singapore
80%
St George's
80%
St John's
80%
Sana'a
77%
San José
70%
Seoul
70%
Sarajevo
63%
Sofia
63%
Sucre
57%
Skopje
50%
Sri Jayawardenepura Kotte
40%

Score Distribution

Percentile by Number Answered

Percent of People with Each Score

Your Score History

You have not taken this quiz since the last reset